Cutting edge; intermediate. mini dictionary /

Guardado en:
Autor Principal: Rundell Michael
Formato: Libro
Publicado: Madrid : Longman, 2003
Materias:
Etiquetas: Agregar Etiqueta
Sin Etiquetas, Sea el primero en etiquetar este registro!
LEADER 00499nam a22001815a 4500
001 CEM.cems011909
005 20060214000000.0
008 130507s2003##################000#0#####d
003 CEMS
082 0 4 |a 428.64 
100 1 |a Rundell Michael 
245 1 0 |a Cutting edge; intermediate. mini dictionary / 
260 |a Madrid :  |b Longman,  |c 2003 
300 |a 64 p. 
653 |a Ingles 
653 |a Ingles-textos 
653 |a Ingles-diccionarios 
859 |a CEMS  |b BIB. CEMS - 11 de abril  |h 428.64  |i C767-3  |p 22991.05  |t Ej.1